[Event "Krakow-ch 3rd"]
[Site "Krakow"]
[Date "2012.08.13"]
[Round "7.16"]
[White "Ibs, Malte"]
[Black "Koehnke, Torben"]
[Result "0-1"]
[WhiteElo "1926"]
[BlackElo "2080"]
[PlyCount "118"]
[EventDate "2012.08.08"]
[EventType "swiss"]
[EventRounds "9"]
[EventCountry "POL"]
[SourceTitle "EXT 2023"]
[Source "ChessBase"]
[SourceDate "2022.10.05"]
[SourceVersion "1"]
[SourceVersionDate "2022.10.05"]
[SourceQuality "1"]

1. d4 Nf6 2. Nf3 g6 3. c4 Bg7 4. Nc3 0-0 5. e4 d6 6. Be2 e5 7. dxe5 dxe5 8. Qxd8 Rxd8 9. 0-0 c6 10. Bg5 Nbd7 11. Rad1 Re8 12. Rd6 h6 13. Bc1 Bf8 14. Rdd1 Nc5 15. Nd2 a5 16. f4 Ng4 17. Rf3 exf4 18. Rxf4 Ne3 19. Re1 Ne6 20. Rf3 Bc5 21. Kh1 Ng5 22. Rg3 f5 23. Nb3 Nc2 24. Rf1 Bd6 25. Rd3 Bf8 26. Bd1 Nb4 27. Rg3 Bd6 28. Re3 f4 29. Re2 a4 30. c5 Be5 31. Nd2 Be6 32. Nxa4 Nxa2 33. Bc2 Nb4 34. Bd1 Kg7 35. h4 Nf7 36. b3 g5 37. Nf3 Nd3 38. Bd2 Bf6 39. Bc2 Rad8 40. Ba5 Ra8 41. Bd2 Red8 42. e5 Ndxe5 43. Nxe5 Bxe5 44. Rfe1 Bg4 45. Rf2 Bd4 46. Rff1 Bf6 47. Bc1 Ne5 48. Bb2 Re8 49. Bb1 Ng6 50. Bxf6+ Kxf6 51. hxg5+ hxg5 52. Kg1 Rad8 53. Nc3 Bf5 54. Ne4+ Bxe4 55. Bxe4 Rd4 56. Bf3 Rxe1 57. Rxe1 Rb4 58. Bg4 Ne5 59. Bd1 Rb5 0-1

[Event "Maastricht Limburg op"]
[Site "Maastricht"]
[Date "2008.05.10"]
[Round "2"]
[White "Hahn, Gerard"]
[Black "Koehnke, Torben"]
[Result "0-1"]
[WhiteElo "1993"]
[BlackElo "2073"]
[PlyCount "76"]
[EventDate "2008.05.09"]
[EventType "swiss"]
[EventRounds "7"]
[EventCountry "NED"]
[SourceTitle "EXT 2009"]
[Source "ChessBase"]
[SourceDate "2008.11.26"]
[SourceVersion "1"]
[SourceVersionDate "2008.11.26"]
[SourceQuality "1"]

1. e4 c5 2. Nf3 e6 3. d4 cxd4 4. Nxd4 a6 5. c4 Nf6 6. f3 Nc6 7. Nb3 Qc7 8. Be2 b6 9. 0-0 Bb7 10. Be3 Bd6 11. h3 Nh5 12. Bf2 Bh2+ 13. Kh1 Ng3+ 14. Bxg3 Bxg3 15. Nc3 0-0 16. Rc1 Ne7 17. Qd3 Ng6 18. Rfd1 Rad8 19. Bf1 Nf4 20. Qe3 Nh5 21. Ne2 Be5 22. Rc2 f5 23. exf5 Rxf5 24. Nbd4 Rf6 25. Qd3 Rdf8 26. Nb3 d6 27. Nd2 Nf4 28. Nxf4 Rxf4 29. b3 Qe7 30. Qe3 Bd4 31. Qe1 e5 32. Bd3 Qg5 33. Be4 Bc8 34. Bd5+ Kh8 35. Ne4 Qh5 36. Ng3 Qh6 37. Ne2 Bxh3 38. Nxd4 Bf5+ 0-1

[Event "Maastricht Limburg op"]
[Site "Maastricht"]
[Date "2008.05.09"]
[Round "1"]
[White "Koehnke, Torben"]
[Black "Floor, Dirk"]
[Result "0-1"]
[WhiteElo "2073"]
[BlackElo "2221"]
[PlyCount "110"]
[EventDate "2008.05.09"]
[EventType "swiss"]
[EventRounds "7"]
[EventCountry "NED"]
[SourceTitle "EXT 2009"]
[Source "ChessBase"]
[SourceDate "2008.11.26"]
[SourceVersion "1"]
[SourceVersionDate "2008.11.26"]
[SourceQuality "1"]

1. e4 e6 2. d4 d5 3. Nc3 Nf6 4. Bg5 Be7 5. Bxf6 Bxf6 6. e5 Be7 7. Qg4 0-0 8. Nf3 c5 9. Bd3 Nd7 10. h4 f5 11. exf6 Nxf6 12. Qg3 cxd4 13. Nxd4 Qd6 14. Qxd6 Bxd6 15. 0-0 e5 16. Nf5 Bb4 17. f3 Bc5+ 18. Kh2 Bd7 19. g4 Rae8 20. Kg3 g6 21. Nh6+ Kg7 22. g5 Nh5+ 23. Kh2 Rf4 24. Ng4 e4 25. Nxd5 exd3 26. Nxf4 Nxf4 27. cxd3 Re2+ 28. Kh1 Nh5 29. Rg1 Bc6 30. Raf1 Bxg1 31. Kxg1 Ng3 32. Rf2 Rxf2 33. Kxf2 Nf5 34. Ne5 Bd5 35. a4 Nxh4 36. b4 Nf5 37. f4 h5 38. gxh6+ Nxh6 39. b5 Nf7 40. Nd7 Nd6 41. b6 a5 42. Ke3 Nf5+ 43. Kf2 Kf7 44. Ne5+ Kf6 45. Ke2 Ke6 46. Nxg6 Kd6 47. Kd2 Kc5 48. Kc3 Kxb6 49. Ne5 Kc5 50. Nd7+ Kc6 51. Ne5+ Kc7 52. Kb2 Nd4 53. Ka3 Kd6 54. Kb2 Ne2 55. Ng6 Ke6 0-1

[Event "GER-ch U16"]
[Site "Willingen"]
[Date "2005.05.19"]
[Round "8"]
[White "Koehnke, Torben"]
[Black "Held, Florian"]
[Result "1-0"]
[WhiteElo "1874"]
[BlackElo "1980"]
[PlyCount "157"]
[EventDate "2005.05.14"]
[EventType "swiss"]
[EventRounds "9"]
[EventCountry "GER"]
[SourceTitle "CBM 106 Extra"]
[Source "ChessBase"]
[SourceDate "2005.07.01"]
[SourceVersion "1"]
[SourceVersionDate "2005.07.01"]
[SourceQuality "1"]

1. e4 c5 2. Nf3 e6 3. d4 cxd4 4. Nxd4 a6 5. Nc3 b5 6. Bd3 Qb6 7. Nb3 Qc7 8. 0-0 Nf6 9. Bd2 Bb7 10. Qe2 b4 11. Nd1 d5 12. exd5 Nxd5 13. Be4 Bd6 14. h3 Nd7 15. c4 bxc3 16. Nxc3 N7f6 17. Nxd5 Nxd5 18. Rac1 Qe7 19. Na5 0-0 20. Nxb7 Qxb7 21. b3 Rae8 22. Bd3 a5 23. Be4 Qb6 24. Qd3 Rd8 25. Bxh7+ Kh8 26. Be4 Nf6 27. Qe2 Qd4 28. Rc4 Qe5 29. g3 Nxe4 30. Rxe4 Qd5 31. Rh4+ Kg8 32. Qh5 Qxh5 33. Rxh5 Bb4 34. Bxb4 axb4 35. Rh4 Rd2 36. Rxb4 Rxa2 37. Rb1 Rc8 38. Rf4 g5 39. Rf3 Ra3 40. Kg2 Rb8 41. b4 Ra6 42. b5 Rab6 43. Rfb3 Kf8 44. h4 gxh4 45. gxh4 Kg7 46. Kg3 Kg6 47. Rb4 f5 48. Kf4 Kf6 49. Ke3 Ke5 50. h5 Rh8 51. Rh1 Rh6 52. Rbb1 f4+ 53. Kd3 Kd5 54. f3 e5 55. Rh2 Rb8 56. b6 Rbxb6 57. Rxb6 Rxb6 58. h6 Rb3+ 59. Kc2 Ra3 60. Kb2 Ra8 61. h7 Rh8 62. Kc3 e4 63. Rh5+ Ke6 64. fxe4 Kf6 65. Rh4 Kg6 66. Rxf4 Rxh7 67. Kd4 Rh1 68. e5 Rd1+ 69. Kc5 Rc1+ 70. Kd6 Rg1 71. Rc4 Kf7 72. e6+ Kf6 73. Rc6 Re1 74. Kd7 Rd1+ 75. Ke8 Rh1 76. e7+ Ke5 77. Rg6 Kf5 78. Kf7 Rh7+ 79. Rg7 1-0

[Event "GER-ch U16"]
[Site "Willingen"]
[Date "2005.05.17"]
[Round "5"]
[White "Koehnke, Torben"]
[Black "Braun, Konstantin"]
[Result "1/2-1/2"]
[WhiteElo "1874"]
[BlackElo "1662"]
[PlyCount "54"]
[EventDate "2005.05.14"]
[EventType "swiss"]
[EventRounds "9"]
[EventCountry "GER"]
[SourceTitle "CBM 106 Extra"]
[Source "ChessBase"]
[SourceDate "2005.07.01"]
[SourceVersion "1"]
[SourceVersionDate "2005.07.01"]
[SourceQuality "1"]

1. e4 c5 2. Nf3 e6 3. d4 cxd4 4. Nxd4 a6 5. Bd3 Bc5 6. Nb3 Ba7 7. 0-0 Nc6 8. Qe2 Nge7 9. Be3 Qc7 10. Bxa7 Rxa7 11. Nc3 0-0 12. Kh1 b5 13. Bxb5 axb5 14. Nxb5 Qb8 15. Nxa7 Qxa7 16. Qd2 f5 17. exf5 Nxf5 18. c3 d5 19. Rfd1 Nd6 20. Nd4 Nxd4 21. Qxd4 Qxd4 22. Rxd4 Rxf2 23. Rb4 Kf7 24. Kg1 Re2 25. Rf4+ Ke7 26. Rf2 Re4 27. a4 Rc4 1/2-1/2

[Event "Bargteheide op"]
[Site "Bargteheide"]
[Date "2005.05.08"]
[Round "6"]
[White "Heinemann, Ernst"]
[Black "Koehnke, Torben"]
[Result "0-1"]
[WhiteElo "2246"]
[BlackElo "1874"]
[PlyCount "78"]
[EventDate "2005.05.05"]
[EventType "swiss"]
[EventRounds "7"]
[EventCountry "GER"]
[SourceTitle "CBM 106 Extra"]
[Source "ChessBase"]
[SourceDate "2005.07.01"]
[SourceVersion "1"]
[SourceVersionDate "2005.07.01"]
[SourceQuality "1"]

1. e4 e5 2. Bc4 Nf6 3. d3 c6 4. Qe2 Be7 5. Nf3 d6 6. Bd2 0-0 7. Bb3 a5 8. a4 Na6 9. h3 Nc5 10. Ba2 Nxa4 11. Bxf7+ Rxf7 12. Rxa4 b5 13. Ra1 Rf8 14. c4 bxc4 15. dxc4 Nd7 16. Be3 Ba6 17. Nc3 Nb6 18. b3 Nd7 19. 0-0 Rb8 20. Rfb1 Qc7 21. Qa2 Bd8 22. Ne2 Nf6 23. Ng3 d5 24. cxd5 cxd5 25. exd5 Nxd5 26. Rc1 Qb7 27. b4 Kh8 28. bxa5 Nxe3 29. fxe3 e4 30. Nd4 Bg5 31. Rc3 Bd3 32. Ngf5 g6 33. a6 Qd7 34. a7 Ra8 35. Ne6 Rxf5 36. Qb2 Bxe3+ 37. Kh1 Kg8 38. Qb8+ Qe8 39. Rc8 Qxc8 0-1

[Event "Bargteheide op"]
[Site "Bargteheide"]
[Date "2005.05.08"]
[Round "7"]
[White "Koehnke, Torben"]
[Black "Kopylov, Michael"]
[Result "0-1"]
[WhiteElo "1874"]
[BlackElo "2437"]
[PlyCount "40"]
[EventDate "2005.05.05"]
[EventType "swiss"]
[EventRounds "7"]
[EventCountry "GER"]
[SourceTitle "CBM 106 Extra"]
[Source "ChessBase"]
[SourceDate "2005.07.01"]
[SourceVersion "1"]
[SourceVersionDate "2005.07.01"]
[SourceQuality "1"]

1. e4 Nf6 2. e5 Nd5 3. c4 Nb6 4. d4 d6 5. Nf3 g6 6. exd6 cxd6 7. Nc3 Bg7 8. Be2 0-0 9. 0-0 Bg4 10. h3 Bxf3 11. Bxf3 Nc6 12. c5 Nd7 13. cxd6 exd6 14. Bxc6 bxc6 15. d5 c5 16. Bf4 Ne5 17. Qc2 Qa5 18. Rac1 c4 19. Bxe5 Bxe5 20. Qa4 Bxc3 0-1

[Event "Bargteheide op"]
[Site "Bargteheide"]
[Date "2005.05.06"]
[Round "3"]
[White "Koehnke, Torben"]
[Black "Polischuk, Viktor"]
[Result "0-1"]
[WhiteElo "1874"]
[BlackElo "2273"]
[PlyCount "76"]
[EventDate "2005.05.05"]
[EventType "swiss"]
[EventRounds "7"]
[EventCountry "GER"]
[SourceTitle "CBM 106 Extra"]
[Source "ChessBase"]
[SourceDate "2005.07.01"]
[SourceVersion "1"]
[SourceVersionDate "2005.07.01"]
[SourceQuality "1"]

1. e4 Nf6 2. e5 Nd5 3. c4 Nb6 4. d4 d6 5. Nf3 dxe5 6. Nxe5 g6 7. Nc3 Bg7 8. Bf4 0-0 9. Be2 Nc6 10. Nxc6 bxc6 11. Be5 f6 12. Bf4 Be6 13. b3 Qd7 14. Ne4 Bf7 15. Nc5 Qc8 16. Bf3 Nd7 17. Na4 e5 18. dxe5 fxe5 19. Bg5 Nb6 20. Bxc6 Nxa4 21. Bxa4 Qf5 22. Be3 e4 23. Rc1 Rad8 24. Qe2 Qa5+ 25. Bd2 Qe5 26. Be3 Be6 27. 0-0 h5 28. Rcd1 Bg4 29. f3 exf3 30. gxf3 Rxd1 31. Qxd1 Qxe3+ 32. Kg2 Bf5 33. Re1 Qg5+ 34. Kh1 Rd8 35. Re8+ Rxe8 36. Bxe8 Bh3 37. Qd5+ Qxd5 38. cxd5 Kh7 0-1

[Event "Norderstedt op 5th"]
[Site "Norderstedt"]
[Date "2005.03.28"]
[Round "6.5"]
[White "Opitz, Frank"]
[Black "Koehnke, Torben"]
[Result "1-0"]
[WhiteElo "2097"]
[BlackElo "1873"]
[PlyCount "37"]
[EventDate "2005.03.27"]
[EventType "swiss"]
[EventRounds "7"]
[EventCountry "GER"]
[SourceTitle "EXT 2006"]
[Source "ChessBase"]
[SourceDate "2005.11.24"]
[SourceVersion "1"]
[SourceVersionDate "2005.11.24"]
[SourceQuality "1"]

1. b3 Nf6 2. Bb2 d5 3. Nf3 Bf5 4. d3 e6 5. g3 Be7 6. Bg2 0-0 7. Nbd2 c5 8. 0-0 Nc6 9. Nh4 Bg4 10. h3 Bh5 11. Nhf3 Qc7 12. e4 d4 13. g4 Bg6 14. Nh4 h5 15. g5 Nd7 16. f4 e5 17. f5 Bxg5 18. fxg6 Bxh4 19. Qxh5 1-0

[Event "Schleswig Holstein-ch U16 MT"]
[Site "Neumuenster"]
[Date "2005.03.23"]
[Round "8"]
[White "Koehnke, Torben"]
[Black "Benzen, Marthe"]
[Result "0-1"]
[WhiteElo "1873"]
[BlackElo "1547"]
[PlyCount "140"]
[EventDate "2005.03.19"]
[EventType "tourn"]
[EventRounds "9"]
[EventCountry "GER"]
[SourceTitle "EXT 2007"]
[Source "ChessBase"]
[SourceDate "2006.11.23"]
[SourceVersion "1"]
[SourceVersionDate "2006.11.23"]
[SourceQuality "1"]

1. e4 e5 2. f4 exf4 3. Nf3 d5 4. exd5 Qxd5 5. Nc3 Qa5 6. d4 Bd6 7. Bc4 Ne7 8. Bd2 Qh5 9. Ne4 Qg6 10. Nxd6+ Qxd6 11. Qe2 0-0 12. 0-0-0 Be6 13. Bxe6 fxe6 14. g3 Ng6 15. a3 Nc6 16. c3 Rae8 17. g4 e5 18. Qc4+ Kh8 19. Ng5 Qe7 20. h4 Nxh4 21. Rxh4 Qxg5 22. Rdh1 h6 23. d5 Na5 24. Qa4 b6 25. Qd1 e4 26. Rh5 Qg6 27. g5 e3 28. Be1 e2 29. Qa4 Qe4 30. Qxe4 Rxe4 31. gxh6 g6 32. R5h2 Rf5 33. Rf2 Rxd5 34. Kc2 Rd1 35. b3 Nc6 36. Rxe2 Rxe2+ 37. Kxd1 Re5 38. c4 Re3 39. Bd2 Rxb3 40. Kc2 Nd4+ 41. Kc1 Rxa3 42. Kb2 Rf3 43. h7 Rf2 44. Kc3 c5 45. Rh6 Rg2 46. Kd3 f3 47. Bf4 Nc6 48. Bd6 Re2 49. Rxg6 Kxh7 50. Rf6 Nb4+ 51. Kc3 Re3+ 52. Kd2 Rd3+ 53. Ke1 Kg7 54. Re6 Nc2+ 55. Kf2 Nd4 56. Be5+ Kf7 57. Rf6+ Ke7 58. Bxd4 Rxd4 59. Rh6 Rxc4 60. Rh7+ Kd6 61. Kxf3 a5 62. Ke3 Rd4 63. Rh6+ Kc7 64. Rg6 Rd6 65. Rg1 b5 66. Rb1 b4 67. Rg1 a4 68. Ra1 a3 69. Ra2 Kb6 70. Ra1 Kb5 0-1

[Event "Schleswig Holstein-ch U16 MT"]
[Site "Neumuenster"]
[Date "2005.03.20"]
[Round "3"]
[White "Magnussen, Helge"]
[Black "Koehnke, Torben"]
[Result "0-1"]
[WhiteElo "1717"]
[BlackElo "1873"]
[PlyCount "102"]
[EventDate "2005.03.19"]
[EventType "tourn"]
[EventRounds "9"]
[EventCountry "GER"]
[SourceTitle "EXT 2007"]
[Source "ChessBase"]
[SourceDate "2006.11.23"]
[SourceVersion "1"]
[SourceVersionDate "2006.11.23"]
[SourceQuality "1"]

1. d4 d5 2. c4 dxc4 3. e3 e5 4. Bxc4 exd4 5. exd4 Bb4+ 6. Nc3 Nf6 7. Qb3 Qe7+ 8. Nge2 0-0 9. 0-0 Nc6 10. Bg5 Bxc3 11. Qxc3 Be6 12. Rac1 Bxc4 13. Qxc4 Rac8 14. Rfe1 Qd6 15. Qb3 b6 16. Red1 Nd5 17. Bh4 Rfe8 18. Bg3 Qd7 19. Qf3 Re6 20. Nf4 Nxf4 21. Qxf4 Rd6 22. d5 Rxd5 23. Rxd5 Qxd5 24. Qf3 Qxf3 25. gxf3 Nd4 26. Rxc7 Rxc7 27. Bxc7 Nxf3+ 28. Kf1 Kf8 29. Ke2 Nd4+ 30. Kd3 Ne6 31. Bb8 a6 32. Ba7 b5 33. Kc3 Ke7 34. Kb4 Kd7 35. Ka5 Kc6 36. Kxa6 g5 37. Ka5 g4 38. a4 bxa4 39. Kxa4 f5 40. Bb8 Nc5+ 41. Ka3 Kb5 42. Ba7 h5 43. Bxc5 Kxc5 44. b4+ Kb5 45. Kb3 f4 46. Kc3 h4 47. Kd2 g3 48. fxg3 fxg3 49. hxg3 h3 50. Ke3 h2 51. Kf4 h1Q 0-1

[Event "Schleswig Holstein-ch U16 MT"]
[Site "Neumuenster"]
[Date "2004.03.26"]
[Round "9"]
[White "Koehnke, Torben"]
[Black "Denker, Stephan"]
[Result "0-1"]
[WhiteElo "1668"]
[BlackElo "1910"]
[PlyCount "110"]
[EventDate "2004.03.20"]
[EventType "tourn"]
[EventRounds "9"]
[EventCountry "GER"]
[SourceTitle "EXT 2006"]
[Source "ChessBase"]
[SourceDate "2005.11.24"]
[SourceVersion "1"]
[SourceVersionDate "2005.11.24"]
[SourceQuality "1"]

1. f4 d5 2. Nf3 c6 3. e3 Bg4 4. Be2 Nd7 5. b3 Qc7 6. Bb2 f6 7. d3 0-0-0 8. Nbd2 Nh6 9. Nd4 Bxe2 10. Qxe2 Nc5 11. Ba3 e5 12. Bxc5 exd4 13. Bxd4 Bd6 14. 0-0 Kb8 15. Qf2 Rhg8 16. e4 c5 17. e5 fxe5 18. fxe5 Bxe5 19. Bxe5 Qxe5 20. Qf4 Rde8 21. Qxe5+ Rxe5 22. Rae1 Rge8 23. Rxe5 Rxe5 24. Rf8+ Kc7 25. Kf1 Rf5+ 26. Rxf5 Nxf5 27. Kf2 Nd4 28. c4 Kd6 29. Nf3 Nc2 30. Ke2 Nb4 31. a4 Nc6 32. Kd2 dxc4 33. dxc4 Ke6 34. Ng5+ Kf5 35. Nxh7 Nd4 36. Kc3 Ne6 37. Kd3 Kg6 38. Ke4 Kxh7 39. Kd5 Nd4 40. Kxc5 Nxb3+ 41. Kd6 b6 42. Kc6 Kg6 43. Kb5 Kf5 44. Ka6 Na5 45. Kxa7 Nxc4 46. Ka6 Ke4 47. Kb5 Kd5 48. h4 Nb2 49. Kxb6 Nxa4+ 50. Kc7 Ke6 51. g4 Nc5 52. Kd8 Kf7 53. h5 Ne6+ 54. Kd7 Nf4 55. Kd6 Kf6 0-1

[Event "Schleswig Holstein-ch U16 MT"]
[Site "Neumuenster"]
[Date "2004.03.24"]
[Round "7"]
[White "Koehnke, Torben"]
[Black "Soberski, Luca"]
[Result "1-0"]
[WhiteElo "1668"]
[BlackElo "1088"]
[PlyCount "83"]
[EventDate "2004.03.20"]
[EventType "tourn"]
[EventRounds "9"]
[EventCountry "GER"]
[SourceTitle "EXT 2006"]
[Source "ChessBase"]
[SourceDate "2005.11.24"]
[SourceVersion "1"]
[SourceVersionDate "2005.11.24"]
[SourceQuality "1"]

1. e4 e6 2. d4 d5 3. e5 c5 4. c3 Qb6 5. Nf3 Bd7 6. Bd3 Bb5 7. 0-0 Bxd3 8. Qxd3 c4 9. Qc2 Nc6 10. Be3 Nge7 11. Nh4 Na5 12. Nd2 Ng6 13. Nhf3 Be7 14. b3 cxb3 15. axb3 Rc8 16. c4 0-0 17. c5 Qb5 18. b4 Nc6 19. Qa4 Qxa4 20. Rxa4 b6 21. b5 Na5 22. c6 a6 23. bxa6 Rxc6 24. Rb1 Ra8 25. Nb3 Rxa6 26. Bd2 Ra8 27. Nxa5 bxa5 28. Rxa5 Rxa5 29. Bxa5 h6 30. g3 f6 31. Rb7 fxe5 32. dxe5 Ra6 33. Bb6 Ra1+ 34. Kg2 Rb1 35. Nd4 Kf7 36. Nc6 Rb2 37. Nd8+ Kg8 38. Nxe6 Nxe5 39. Rxe7 Rxb6 40. Rxg7+ Kh8 41. Re7 Ng6 42. Re8+ 1-0

[Event "Schleswig Holstein-ch U16 MT"]
[Site "Neumuenster"]
[Date "2004.03.21"]
[Round "3"]
[White "Buncke, Constantin"]
[Black "Koehnke, Torben"]
[Result "0-1"]
[WhiteElo "1501"]
[BlackElo "1668"]
[PlyCount "70"]
[EventDate "2004.03.20"]
[EventType "tourn"]
[EventRounds "9"]
[EventCountry "GER"]
[SourceTitle "EXT 2006"]
[Source "ChessBase"]
[SourceDate "2005.11.24"]
[SourceVersion "1"]
[SourceVersionDate "2005.11.24"]
[SourceQuality "1"]

1. e4 e5 2. Nf3 Nc6 3. Bc4 Bc5 4. c3 Nf6 5. b4 Bb6 6. Qb3 0-0 7. d3 d6 8. Be3 Bxe3 9. fxe3 Ng4 10. Ke2 Ne7 11. h3 Nf6 12. Ng5 d5 13. exd5 Nexd5 14. Nd2 c6 15. Nde4 Nxe4 16. Nxe4 f5 17. Nd2 Kh8 18. Bxd5 cxd5 19. Raf1 Be6 20. d4 Qb6 21. Nf3 Qb5+ 22. Kd2 e4 23. Ne5 g5 24. a4 Qa6 25. b5 Qb6 26. Qb4 Rae8 27. g4 f4 28. exf4 gxf4 29. g5 f3 30. g6 Bf5 31. a5 e3+ 32. Ke1 f2+ 33. Ke2 Qf6 34. Nf7+ Kg7 35. Nd6 Bd3+ 0-1

[Event "Schleswig Holstein-ch U14"]
[Site "Neumuenster"]
[Date "2002.04.10"]
[Round "6"]
[White "Wagenknecht, Fabian"]
[Black "Koehnke, Torben"]
[Result "0-1"]
[WhiteElo "1448"]
[BlackElo "1277"]
[PlyCount "102"]
[EventDate "2002.04.??"]
[EventType "tourn"]
[EventRounds "9"]
[EventCountry "GER"]
[SourceTitle "EXT 2003"]
[Source "ChessBase"]
[SourceDate "2002.11.25"]
[SourceVersion "1"]
[SourceVersionDate "2002.11.25"]
[SourceQuality "1"]

1. e4 e5 2. Nc3 Nc6 3. Nf3 Nf6 4. Bb5 d6 5. d3 a6 6. Ba4 b5 7. Bb3 Be7 8. Bg5 0-0 9. Bxf6 Bxf6 10. Nd5 Bg4 11. c3 Na5 12. Ne3 Nxb3 13. axb3 Be6 14. c4 c6 15. 0-0 Qd7 16. Qc2 Rfc8 17. Rfe1 d5 18. Qe2 d4 19. Nc2 a5 20. Ra2 Ra7 21. Rea1 Rca8 22. b4 a4 23. Rc1 bxc4 24. Raa1 cxd3 25. Qxd3 Rb7 26. Rd1 Bb3 27. Qxb3 axb3 28. Rxa8+ Bd8 29. Ncxd4 exd4 30. Rxd4 Qxd4 31. Nxd4 Rd7 32. f3 Rxd4 33. Kf2 g6 34. Ke3 Rd6 35. e5 Rd7 36. Rc8 Kg7 37. Rxc6 Rb7 38. Rc4 Be7 39. Rc3 Bxb4 40. Rd3 Ba3 41. Rd2 Bc5+ 42. Ke4 Bg1 43. h3 Bh2 44. g4 Bg3 45. Rd3 Rb5 46. Rd5 Rxd5 47. Kxd5 Kf8 48. Kc4 Bxe5 49. Kxb3 Ke7 50. Kc2 Kf6 51. Kd2 Bxb2 0-1

[Event "Schleswig Holstein-ch U14"]
[Site "Neumuenster"]
[Date "2002.04.07"]
[Round "4"]
[White "Braeutigam, Torben"]
[Black "Koehnke, Torben"]
[Result "1-0"]
[WhiteElo "1427"]
[BlackElo "1277"]
[PlyCount "117"]
[EventDate "2002.04.??"]
[EventType "tourn"]
[EventRounds "9"]
[EventCountry "GER"]
[SourceTitle "EXT 2003"]
[Source "ChessBase"]
[SourceDate "2002.11.25"]
[SourceVersion "1"]
[SourceVersionDate "2002.11.25"]
[SourceQuality "1"]

1. e4 e5 2. Nf3 Nc6 3. Bc4 Bc5 4. c3 Nf6 5. d4 exd4 6. cxd4 Bb4+ 7. Bd2 Bxd2+ 8. Nbxd2 d5 9. exd5 Nxd5 10. 0-0 0-0 11. Re1 Bg4 12. Qc2 Re8 13. Rxe8+ Qxe8 14. Bxd5 Nb4 15. Qb3 Nxd5 16. Qxd5 c6 17. Qb3 b6 18. Re1 Be6 19. Qe3 Qd7 20. b3 Re8 21. h3 f6 22. Qc3 Qd5 23. Qc4 Qd7 24. Qc3 Qd5 25. Rc1 Bd7 26. Qc4 Qxc4 27. Nxc4 Re6 28. Re1 Kf7 29. Kf1 Ke7 30. Rxe6+ Kxe6 31. Ne3 Kd6 32. Ke2 c5 33. Kd3 b5 34. Nd2 a5 35. Ne4+ Kc6 36. Nxc5 Bc8 37. a3 f5 38. f4 g6 39. b4 a4 40. d5+ Kd6 41. Kd4 h6 42. g3 g5 43. Nd1 g4 44. h4 h5 45. Nc3 Kc7 46. Nxb5+ Kb6 47. Nd6 Ba6 48. Nxa6 Kxa6 49. Nxf5 Kb6 50. Nh6 Kc7 51. Ke5 Kd7 52. f5 Ke7 53. f6+ Ke8 54. f7+ Kf8 55. d6 Kg7 56. d7 Kh7 57. f8Q Kg6 58. d8R Kh7 59. Rd7+ 1-0

[Event "Schleswig Holstein-ch U14"]
[Site "Neumuenster"]
[Date "2002.04.07"]
[Round "2"]
[White "Kuenneke, Jens"]
[Black "Koehnke, Torben"]
[Result "0-1"]
[WhiteElo "1159"]
[BlackElo "1277"]
[PlyCount "64"]
[EventDate "2002.04.??"]
[EventType "tourn"]
[EventRounds "9"]
[EventCountry "GER"]
[SourceTitle "EXT 2003"]
[Source "ChessBase"]
[SourceDate "2002.11.25"]
[SourceVersion "1"]
[SourceVersionDate "2002.11.25"]
[SourceQuality "1"]

1. e4 e5 2. Nf3 Nc6 3. Bb5 d6 4. 0-0 Bg4 5. d3 Nf6 6. Nc3 Be7 7. h3 Bh5 8. Bg5 0-0 9. Qe2 Nd4 10. Qd1 Bxf3 11. gxf3 c6 12. Ba4 b5 13. Bb3 a5 14. a4 b4 15. Nb1 h6 16. Be3 Nxb3 17. cxb3 Nh5 18. Qd2 f5 19. Bxh6 f4 20. Bxg7 Kxg7 21. Kh2 Kf6 22. d4 Rg8 23. dxe5+ dxe5 24. Qc2 c5 25. Qc4 Qc8 26. Nd2 Ng3 27. Rg1 Rh8 28. Rxg3 fxg3+ 29. Kg1 Qxh3 30. fxg3 Qxg3+ 31. Kf1 Rh2 32. Qe2 Rh1# 0-1

[Event "GER North-ch U12"]
[Site "Langeoog"]
[Date "2001.10.02"]
[Round "5.10"]
[White "Mette, Ingmar"]
[Black "Koehnke, Torben"]
[Result "1/2-1/2"]
[WhiteElo "889"]
[BlackElo "1168"]
[PlyCount "97"]
[EventDate "2001.10.??"]
[EventType "swiss"]
[EventRounds "5"]
[EventCountry "GER"]
[SourceTitle "EXT 2003"]
[Source "ChessBase"]
[SourceDate "2002.11.25"]
[SourceVersion "1"]
[SourceVersionDate "2002.11.25"]
[SourceQuality "1"]

1. e4 e5 2. Nf3 Nc6 3. Bc4 Bc5 4. 0-0 Nf6 5. Nc3 d6 6. h3 Be6 7. Bb3 Qd7 8. d3 0-0-0 9. Be3 Bxe3 10. fxe3 Bxh3 11. gxh3 Qxh3 12. Bxf7 Ng4 13. Be6+ Kb8 14. Bxg4 Qxg4+ 15. Kh1 Qh3+ 16. Kg1 Qg3+ 17. Kh1 Rdf8 18. Nh2 h5 19. Rxf8+ Rxf8 20. Qg1 Qh3 21. Qxg7 Rd8 22. Nd5 Ka8 23. Rf1 Rd7 24. Qg2 Qh4 25. Qf2 Qh3 26. Qf5 Qxf5 27. Rxf5 h4 28. Rf8+ Nb8 29. Nf3 h3 30. Kh2 c6 31. Nf6 Rg7 32. Kxh3 a6 33. Nh4 Rg1 34. Nf3 Rc1 35. Nd7 Rxc2 36. Rxb8+ Ka7 37. Rf8 Rxb2 38. Rf7 Rxa2 39. Nfxe5 Ra3 40. Nxc6+ bxc6 41. Ne5+ Kb8 42. Nxc6+ Kc8 43. Nb4 a5 44. Nc6 Rxd3 45. Nxa5 Rxe3+ 46. Kg2 Rxe4 47. Nc6 Rc4 48. Na5 Rc2+ 49. Kf3 1/2-1/2

[Event "GER North-ch U12"]
[Site "Langeoog"]
[Date "2001.10.01"]
[Round "3.9"]
[White "Prum, Alexander"]
[Black "Koehnke, Torben"]
[Result "1-0"]
[WhiteElo "1282"]
[BlackElo "1168"]
[PlyCount "37"]
[EventDate "2001.10.??"]
[EventType "swiss"]
[EventRounds "5"]
[EventCountry "GER"]
[SourceTitle "EXT 2003"]
[Source "ChessBase"]
[SourceDate "2002.11.25"]
[SourceVersion "1"]
[SourceVersionDate "2002.11.25"]
[SourceQuality "1"]

1. d4 d5 2. c4 e6 3. Nc3 Nf6 4. Bg5 Be7 5. e3 Nbd7 6. Nf3 0-0 7. Bd3 b6 8. 0-0 Bb7 9. Qc2 dxc4 10. Bxc4 Bxf3 11. gxf3 c5 12. Rad1 Qc7 13. Kh1 Bd6 14. f4 cxd4 15. Rxd4 Qc6+ 16. Ne4 Bc7 17. f3 e5 18. Bxf7+ Rxf7 19. Qxc6 1-0

[Event "GER North-ch U12"]
[Site "Langeoog"]
[Date "2001.09.30"]
[Round "1.5"]
[White "Venkata Ramani, Varun"]
[Black "Koehnke, Torben"]
[Result "1-0"]
[WhiteElo "1401"]
[BlackElo "1168"]
[PlyCount "23"]
[EventDate "2001.10.??"]
[EventType "swiss"]
[EventRounds "5"]
[EventCountry "GER"]
[SourceTitle "EXT 2003"]
[Source "ChessBase"]
[SourceDate "2002.11.25"]
[SourceVersion "1"]
[SourceVersionDate "2002.11.25"]
[SourceQuality "1"]

1. e4 e5 2. Nc3 Nc6 3. Bc4 Bc5 4. Qg4 Qf6 5. Nd5 Qxf2+ 6. Kd1 d6 7. Qxg7 Na5 8. Be2 Kd7 9. Nf3 Ne7 10. Rf1 Rg8 11. Nf6+ Ke6 12. Ng5# 1-0